000 00442nam a22001337a 4500
003 SGT
082 _a617.69
_bC25G
100 _aGupta, Ayesha Indira
245 _aComparative Evaluation of the stress distribution patterns in bone as affected by loading of implants in various osseous defects
_bA 3D finite element analysis
260 _aGurugram, Haryana
_bSGT University
_c2025
300 _a91
650 _aProsthodontics
942 _2ddc
_cTH
999 _c32109
_d32109